000
00296nam a22001337a 4500
008
210426b ||||| |||| 00| 0 eng d
041
_a
eng
080
_2
3rd
_a
53
082
_a
53
100
_a
43
101
_a
FIZ
245
_a
Introduction to Psychology
_c
Ernest R. Hilgard
942
_2
udc
_c
BK
999
_c
56763
_d
56763